000 00775cab a2200241 4500
001 ABS56024
008 090401t1996 xxu||||| |||| 00| 0 eng d
035 _a(Sirsi) u20493
041 _aeng
100 _aJames, M.
245 _aSecurity of tenure
260 _c1996
350 _a0
490 _aNew Law Journal
_v146(6764) 18 October 1996, 1517-1518(2)
520 _aLooks at recent decisions where landlords have issued possession orders, showing a general tendency to make it easier for the landlord to obtain possession.
650 _aLOWER STREET PROPERTIES LTD V JONES
650 _aMARATH V MACGILLIVRAY
650 _aPOSSESSION ORDERS
650 _aSECURITY OF TENURE
690 _aPROPERTY-LANDLORD AND TENANT
942 _n0
948 _c04/03/1997
999 _c13728
_d13728